3º medio y 4º medio. Matemática texto del estudiante.

Saved in:
Bibliographic Details
Main Author: Osorio Railef, Gladys (autora)
Other Authors: Norambuena Morales, Patricio (autor), Romante Flores, María Patricia (autora), Gaete Pino, Daniela (autora), Díaz Vergara, Juan (autor), Celedón Montiel (Jocelyn,), Morales Valderrama, Katherine (autora), Ortiz Solís, Natalia (autora), Ramírez Fuenzalida, Patricia (autora), Barrera Yáñez, Robbie (autora), Hurtado Lobos, Yasna (autora)
Format: Book
Published: Santiago, Chile: SM, 2021.
Subjects:
Tags: Add Tag
No Tags, Be the first to tag this record!

MARC

LEADER 00000nam a22000007a 4500
003 CL-VaPUC
005 20250318102221.0
008 220816t2021 ||||| |||| 00| 0 eng d
999 |c 438320  |d 438318 
020 |a 978-956-363-723-6 
040 |c Pontificia Universidad Católica de Valparaíso 
082 7 |a 510.712 OSO 2021  |2 22 
100 1 |a Osorio Railef, Gladys  |e autora  |9 875533 
245 |a 3º medio y 4º medio. Matemática texto del estudiante. 
260 |a Santiago, Chile:  |b SM,   |c 2021. 
300 |a 255 páginas.  
583 |c 20220816  |k Cristina María Rojas Aguilar 
650 0 |a Matemáticas   |x Educación media   |9 875534 
650 0 |a Matemáticas  |x Enseñanza  |9 875527 
700 |a Norambuena Morales, Patricio   |e autor  |9 875536 
700 |a Romante Flores, María Patricia  |e autora  |9 875537 
700 |a Gaete Pino, Daniela   |e autora  |9 875538 
700 |a Díaz Vergara, Juan   |e autor  |9 875539 
700 |a Celedón Montiel  |e Jocelyn,   |9 875540 
700 |a Morales Valderrama, Katherine  |e autora  |9 875541 
700 |a Ortiz Solís, Natalia   |e autora  |9 875542 
700 |a Ramírez Fuenzalida, Patricia   |e autora  |9 875543 
700 |a Barrera Yáñez, Robbie  |e autora  |9 875544 
700 |a Hurtado Lobos, Yasna   |e autora  |9 875545 
942 |2 ddc  |c BK 
952 |0 0  |1 0  |2 ddc  |4 0  |6 510_712000000000000_OSO_2021  |7 0  |8 A  |9 586219  |a BIBMAT  |b BIBMAT  |c E_DIDACT  |d 2022-08-16  |i 5654174  |l 1  |m 2  |o 510.712 OSO 2021  |p 5654174  |q 2025-07-31  |r 2024-07-12  |s 2024-07-12  |t 1  |w 2022-08-16  |y BK  |k MAT